[Event "Titled Tuesday intern op 24th Nov"]
[Site "Chess.com INT"]
[Date "2020.11.24"]
[Round "6"]
[White "Uddin, Mubassar"]
[Black "Wiwatanadate, Poompong"]
[Result "0-1"]
[WhiteElo "2087"]
[BlackElo "2040"]
[PlyCount "34"]
[EventDate "2020.11.24"]
[EventType "swiss (blitz)"]
[EventRounds "11"]
[EventCountry "USA"]
[SourceTitle "CBM 199 Extra"]
[Source "ChessBase"]
[SourceDate "2021.01.31"]
[SourceVersion "1"]
[SourceVersionDate "2021.01.31"]
[SourceQuality "1"]

1. d4 Nf6 2. c4 c5 3. d5 e6 4. Nc3 exd5 5. cxd5 d6 6. e4 g6 7. f3 Bg7 8. Kf2 0-0 9. Bd3 a6 10. a4 Nbd7 11. Nge2 Ne5 12. Rf1 c4 13. Bc2 Qb6+ 14. Be3 Neg4+ 15. fxg4 Nxg4+ 16. Kg1 Nxe3 17. a5 Qa7 0-1

[Event "Titled Tuesday intern op 24th Nov"]
[Site "Chess.com INT"]
[Date "2020.11.24"]
[Round "4"]
[White "Uddin, Mubassar"]
[Black "Zaksaite, Salomeja"]
[Result "1-0"]
[WhiteElo "2087"]
[BlackElo "2202"]
[PlyCount "49"]
[EventDate "2020.11.24"]
[EventType "swiss (blitz)"]
[EventRounds "11"]
[EventCountry "USA"]
[SourceTitle "CBM 199 Extra"]
[Source "ChessBase"]
[SourceDate "2021.01.31"]
[SourceVersion "1"]
[SourceVersionDate "2021.01.31"]
[SourceQuality "1"]

1. d4 Nf6 2. c4 g6 3. Nc3 d5 4. cxd5 Nxd5 5. e4 Nxc3 6. bxc3 Bg7 7. Bc4 c5 8. Ne2 Nc6 9. Be3 0-0 10. 0-0 Bg4 11. f3 Na5 12. Bd3 cxd4 13. cxd4 Be6 14. d5 Bxa1 15. Qxa1 f6 16. Bh6 Re8 17. Nf4 Bd7 18. Kh1 Rc8 19. e5 Nc4 20. e6 Bb5 21. Qe1 Qb6 22. Nxg6 hxg6 23. Bxg6 Ne5 24. Qg3 Qd4 25. Bf7+ 1-0

[Event "Titled Tuesday intern op 17th Nov"]
[Site "Chess.com INT"]
[Date "2020.11.17"]
[Round "4"]
[White "Daianu, Cristian Clement"]
[Black "Uddin, Mubassar"]
[Result "1/2-1/2"]
[WhiteElo "2218"]
[BlackElo "2087"]
[PlyCount "34"]
[EventDate "2020.11.17"]
[EventType "swiss (blitz)"]
[EventRounds "11"]
[EventCountry "USA"]
[SourceTitle "CBM 199 Extra"]
[Source "ChessBase"]
[SourceDate "2021.01.31"]
[SourceVersion "1"]
[SourceVersionDate "2021.01.31"]
[SourceQuality "1"]

1. e4 c6 2. d4 d5 3. f3 e5 4. exd5 cxd5 5. Nc3 e4 6. fxe4 dxe4 7. Nxe4 Nc6 8. Nf3 Bg4 9. Bb5 Qa5+ 10. Nc3 Bb4 11. Bxc6+ bxc6 12. 0-0 Ne7 13. Qd3 Bf5 14. Qc4 Be6 15. Qd3 Bf5 16. Qc4 Be6 17. Qd3 Bf5 1/2-1/2

[Event "Titled Tuesday intern op 17th Nov"]
[Site "Chess.com INT"]
[Date "2020.11.17"]
[Round "10"]
[White "Gabriel, Robert A"]
[Black "Uddin, Mubassar"]
[Result "1/2-1/2"]
[WhiteElo "2236"]
[BlackElo "2087"]
[PlyCount "127"]
[EventDate "2020.11.17"]
[EventType "swiss (blitz)"]
[EventRounds "11"]
[EventCountry "USA"]
[SourceTitle "CBM 199 Extra"]
[Source "ChessBase"]
[SourceDate "2021.01.31"]
[SourceVersion "1"]
[SourceVersionDate "2021.01.31"]
[SourceQuality "1"]

1. d4 d5 2. Nf3 Nf6 3. c4 e6 4. Nc3 c5 5. cxd5 exd5 6. Bg5 Nc6 7. Bxf6 gxf6 8. e3 Be6 9. Bb5 c4 10. Bxc6+ bxc6 11. Qa4 Qb6 12. 0-0 h5 13. e4 0-0-0 14. exd5 cxd5 15. Qc2 Bg4 16. Nh4 Qxd4 17. Nf5 Qf4 18. Ne3 Bd6 19. g3 Qf3 20. Ncxd5 Bh3 21. Qxc4+ Kd7 22. Qb5+ Ke6 23. Rfe1 Be5 24. Nf4+ Bxf4 25. Qc4+ Kd7 26. Rad1+ Bd6 27. Qxf7+ Kc8 28. Rc1+ Kb8 29. Qb3+ Ka8 30. Qd5+ Qxd5 31. Nxd5 Rhe8 32. Rxe8 Rxe8 33. f4 Rc8 34. Rxc8+ Bxc8 35. Kf2 Bc5+ 36. Ke2 Bg4+ 37. Kd3 f5 38. Kc4 Bg1 39. h4 Bh2 40. Kc5 Bxg3 41. Kc6 Bxh4 42. Kc7 Bf3 43. Ne7 Bg3 44. Nxf5 Bxf4+ 45. Kd7 Bg4 46. Ke6 Bxf5+ 47. Kxf5 h4 48. Kxf4 Kb7 49. Kg4 Kc6 50. Kxh4 Kc5 51. Kg4 Kc4 52. Kf4 Kd3 53. Ke5 Kc2 54. b4 Kc3 55. Kd5 Kxb4 56. Kc6 a5 57. Kb6 a4 58. Kc6 a3 59. Kd5 Kc3 60. Ke4 Kb2 61. Kd3 Kxa2 62. Kc2 Ka1 63. Kc1 a2 64. Kc2 1/2-1/2

[Event "Titled Tuesday intern op 17th Nov"]
[Site "Chess.com INT"]
[Date "2020.11.17"]
[Round "2"]
[White "Katzir, Moshe"]
[Black "Uddin, Mubassar"]
[Result "1-0"]
[WhiteElo "2159"]
[BlackElo "2087"]
[PlyCount "59"]
[EventDate "2020.11.17"]
[EventType "swiss (blitz)"]
[EventRounds "11"]
[EventCountry "USA"]
[SourceTitle "CBM 199 Extra"]
[Source "ChessBase"]
[SourceDate "2021.01.31"]
[SourceVersion "1"]
[SourceVersionDate "2021.01.31"]
[SourceQuality "1"]

1. e4 c6 2. d4 d5 3. e5 Bf5 4. Be3 e6 5. Ne2 Qb6 6. Qc1 c5 7. Nd2 Nc6 8. c3 Rc8 9. dxc5 Bxc5 10. Bxc5 Qxc5 11. Nb3 Qb6 12. Ned4 Nge7 13. Nxf5 Nxf5 14. Bd3 Nxe5 15. Bxf5 exf5 16. 0-0 0-0 17. Qf4 Qf6 18. Nd4 g6 19. Rad1 Rfe8 20. Nc2 Nc4 21. Rxd5 Nxb2 22. Rb5 Qxc3 23. Ne3 Nd3 24. Qg5 Qg7 25. Rxb7 Rcd8 26. Rxa7 f4 27. Ng4 Re6 28. Nh6+ Kh8 29. Nxf7+ Kg8 30. Qxd8+ 1-0

[Event "Titled Tuesday intern op 17th Nov"]
[Site "Chess.com INT"]
[Date "2020.11.17"]
[Round "3"]
[White "Uddin, Mubassar"]
[Black "Golsta, Madara"]
[Result "1-0"]
[WhiteElo "2087"]
[BlackElo "1967"]
[PlyCount "67"]
[EventDate "2020.11.17"]
[EventType "swiss (blitz)"]
[EventRounds "11"]
[EventCountry "USA"]
[SourceTitle "CBM 199 Extra"]
[Source "ChessBase"]
[SourceDate "2021.01.31"]
[SourceVersion "1"]
[SourceVersionDate "2021.01.31"]
[SourceQuality "1"]

1. d4 Nf6 2. c4 g6 3. Nc3 d5 4. cxd5 Nxd5 5. e4 Nxc3 6. bxc3 Bg7 7. Bc4 c5 8. Ne2 0-0 9. Be3 Nc6 10. 0-0 b6 11. Rb1 Qc7 12. Bd3 Rd8 13. Qc2 Bb7 14. Bf4 e5 15. Bg3 Rac8 16. d5 Na5 17. c4 Ba6 18. f4 Qe7 19. f5 Rd6 20. Kh1 h5 21. Be1 h4 22. Ng1 g5 23. Nf3 Bf6 24. h3 Kg7 25. Nh2 Rg8 26. Ng4 Kf8 27. Bxa5 bxa5 28. Qa4 Qd8 29. Rb2 Rb6 30. Rfb1 Rb4 31. Qc6 Qb6 32. Rxb4 axb4 33. Qxb6 axb6 34. Nxf6 1-0

[Event "Titled Tuesday intern op 10th Nov"]
[Site "Chess.com INT"]
[Date "2020.11.10"]
[Round "8"]
[White "Bouget, Alexandre"]
[Black "Uddin, Mubassar"]
[Result "1/2-1/2"]
[WhiteElo "2247"]
[BlackElo "2087"]
[PlyCount "88"]
[EventDate "2020.11.10"]
[EventType "swiss (blitz)"]
[EventRounds "11"]
[EventCountry "USA"]
[SourceTitle "CBM 199 Extra"]
[Source "ChessBase"]
[SourceDate "2021.01.31"]
[SourceVersion "1"]
[SourceVersionDate "2021.01.31"]
[SourceQuality "1"]

1. d4 d5 2. c4 e6 3. Nc3 c5 4. cxd5 exd5 5. Nf3 Nc6 6. g3 Nf6 7. Bg2 Be7 8. 0-0 0-0 9. Bg5 c4 10. Ne5 Be6 11. Nxc6 bxc6 12. Qc2 h6 13. Bxf6 Bxf6 14. Rad1 Qb6 15. e4 dxe4 16. Na4 Qb4 17. Bxe4 Bd5 18. Bf5 Rfd8 19. Nc5 Bxd4 20. Rxd4 Qxc5 21. Rg4 Rab8 22. Qc3 Qf8 23. Re1 Rd6 24. Re5 g6 25. Bc2 Qg7 26. h4 Re6 27. Rxe6 Qxc3 28. bxc3 Bxe6 29. Rd4 Rb2 30. Be4 Rxa2 31. Bxc6 Ra1+ 32. Kg2 Rc1 33. Rd8+ Kg7 34. Ra8 Rxc3 35. Rxa7 Rd3 36. Be4 Rd1 37. Kf3 h5 38. Ke2 Rd4 39. Ke3 Rd1 40. Rc7 Re1+ 41. Kf3 Rc1 42. Ke3 Re1+ 43. Kf3 Rc1 44. Ke3 Re1+ 1/2-1/2

[Event "Titled Tuesday intern op 10th Nov"]
[Site "Chess.com INT"]
[Date "2020.11.10"]
[Round "10"]
[White "Suvorov, Luca"]
[Black "Uddin, Mubassar"]
[Result "1-0"]
[WhiteElo "2279"]
[BlackElo "2087"]
[PlyCount "85"]
[EventDate "2020.11.10"]
[EventType "swiss (blitz)"]
[EventRounds "11"]
[EventCountry "USA"]
[SourceTitle "CBM 199 Extra"]
[Source "ChessBase"]
[SourceDate "2021.01.31"]
[SourceVersion "1"]
[SourceVersionDate "2021.01.31"]
[SourceQuality "1"]

1. d4 d5 2. c4 e6 3. Nc3 c5 4. cxd5 exd5 5. Nf3 Nc6 6. g3 Nf6 7. Bg2 Be7 8. 0-0 0-0 9. Bg5 c4 10. Ne5 Be6 11. Nxc6 bxc6 12. e4 h6 13. Bxf6 Bxf6 14. e5 Be7 15. f4 Qd7 16. Qf3 Bf5 17. Rae1 Rab8 18. Qf2 Bd3 19. f5 Bxf1 20. Rxf1 Bb4 21. Bh3 Bxc3 22. bxc3 Qb7 23. f6 Qb2 24. Qe3 Qc2 25. fxg7 Kxg7 26. Bf5 Qxa2 27. Qf4 Rb2 28. Qg4+ Kh8 29. Qh4 Rg2+ 30. Kh1 Qd2 31. Rf4 Rxh2+ 32. Qxh2 Qxh2+ 33. Kxh2 a5 34. Bd7 Rb8 35. Rf2 Rb6 36. Ra2 Ra6 37. Kh3 Kg7 38. Kg4 Kg6 39. Kf4 h5 40. e6 fxe6 41. Ke5 c5 42. dxc5 a4 43. c6 1-0